Science Quiz

Random Science or Clickable Quiz

Amino or Fauxmino Acid? Quiz Stats

Quiz Updated Sep 27, 2012

Also try: Amino Acids
Challenge
Share
Tweet
Embed
Score 0/20 Timer 01:00
0 Plays Today
% Correct
Lysine
90.7%
Glycine
90%
Glutamine
89.2%
Tyrosine
87.9%
Leucine
87.9%
Alanine
87.5%
Arginine
85.5%
Phenylalanine
85.2%
Cysteine
85.1%
Serine
82%
% Correct
Isoleucine
81.9%
Methionine
81%
Valine
80.8%
Proline
80.3%
Asparagine
80.2%
Threonine
79.2%
Tryptophan
78.5%
Glutamic acid
76.9%
Histidine
76.1%
Aspartic acid
74.3%

You're not logged in!

Compare scores with friends on all Sporcle quizzes.
Sign Up with Email
OR
Log In

You Might Also Like...

Show Comments

Extras

Top Quizzes Today


Score Distribution

Your Account Isn't Verified!

In order to create a playlist on Sporcle, you need to verify the email address you used during registration. Go to your Sporcle Settings to finish the process.

Report this User

Report this user for behavior that violates our Community Guidelines.

Details: